| 000 | 00646nam a2200217Ia 4500 | ||
|---|---|---|---|
| 003 | BUBTL | ||
| 008 | 151213s9999 xx 000 0 und d | ||
| 020 | _a0-256-13619-x | ||
| 082 |
_a658.4012 _bBYM |
||
| 100 | _aLiyod L. Byars & Leslie W. Rue | ||
| 245 |
_aStrategic management _cLiyod L. Byars & Leslie W. Rue |
||
| 260 |
_aBoston _bIrwin _c1996 |
||
| 300 |
_a[xi] , 1043p . : _bill , Chart , Map ; 24cm . _cManagement . |
||
| 500 | _aIncludes Index . | ||
| 650 | _aManagement | ||
| 650 | _aManagement | ||
| 700 | _aLiyod L. Byars & Leslie W. Rue | ||
| 856 |
_k0 _l0 _yDownload |
||
| 942 |
_2ddc _cBK |
||
| 999 |
_c1130 _d1130 |
||